| 000 | 01028nam1a22002891 4500 | ||
|---|---|---|---|
| 001 | rc\2908398 | ||
| 005 | 20250831000521.0 | ||
| 035 | _a(NLR Aleph) 007059281 | ||
| 090 |
_a88819 _c88819 |
||
| 100 | _a20250831 rusy50 | ||
| 101 | 0 | _arus | |
| 102 | _aAZ | ||
| 105 | _ay z ||||| | ||
| 200 | 1 | _aФлора Кавказа | |
| 205 | _a2-е изд., перераб. и доп. | ||
| 210 |
_aБаку _cИзд-во АзФАН _d1939 |
||
| 215 | _d25 см | ||
| 225 | 1 |
_a[Труды] _fАкад. наук СССР, Азерб. филиал _v48 _iТруды Ботанического института _vт. 8 |
|
| 700 | 1 |
_aГроссгейм _bА.А. _f1888-1948 _gАлександр Альфонсович |
|
| 801 | 0 |
_aRU _bNLR _gpsbo |
|
| 801 | 1 |
_aRU _bELAR _2rusmarc |
|
| 852 |
_aNLR _bОНЛ |
||
| 942 | _cBOOK | ||
| 945 |
_aРоссийская национальная библиотека _aНациональная библиотека Азербайджана |
||
| 980 | _aBV | ||
| 980 | _aNB | ||